| 000 | 00944nas a2200301 4500 | ||
|---|---|---|---|
| 001 | BR0403574 | ||
| 003 | BR-BrBNA | ||
| 005 | 20231205104741.0 | ||
| 007 | ta | ||
| 008 | 230509b bl.|||p| |||| 00| 00por d | ||
| 040 |
_aBR-BrBNA _bpor _cBiblioteca Nacional de Agricultura |
||
| 041 | _a(Pt) | ||
| 072 | _aQ04 | ||
| 100 | 1 | _aMadruga, M.S. | |
| 100 | 1 | _aSantos, H.B. | |
| 100 | 1 | _aBion, F.M. | |
| 100 | 1 | _aAntunes, N.L.M. | |
| 245 | 1 | _aAvaliação nutricional de uma dieta suplementada com multimistura: estudo em ratos | |
| 650 | _aALIMENTO CONCENTRADO | ||
| 650 | _aCONCENTRADO VITAMÍNICO | ||
| 650 | _aEXIGÊNCIA NUTRICIONAL | ||
| 650 | _aPADRÃO DE ALIMENTO | ||
| 650 | _aRATO BRANCO | ||
| 650 | _aEXPERIÊNCIA DE LABORATÓRIO | ||
| 773 | 0 |
_tCiência e Tecnologia de Alimentos (Brazil) _xISSN 0101-2061 _g(Jan-Mar 2004), v. 24(1) p. 129-133 _wBR0403574 |
|
| 909 |
_a202311 _bLúcia _c55 _dLúcia Elande |
||
| 942 |
_2AGRIS _n0 _cANA |
||
| 999 |
_c179538 _d179538 |
||